| 000 | 00510nam a2200205Ia 4500 | ||
|---|---|---|---|
| 003 | GCL | ||
| 008 | 140319s9999 xx 000 0 eng d | ||
| 040 |
_aGCL / _cGCL |
||
| 082 | 0 | 4 |
_a647.1 _bH H |
| 100 | 1 | _aHOGAN, ELIZABRTH | |
| 245 | 1 | 0 |
_aHOME REPAIR HANDBOOK / _cHOGAN, ELIZABRTH |
| 260 |
_a[S.N] : _bSUNSET PUBLISHING CARPANATION ، _c1991 |
||
| 300 | _a192 P | ||
| 650 | 0 | 4 | _aHOUSING |
| 650 | 0 | 4 | _aHOME STORAGE |
| 650 | 0 | 4 | _aREPAIRING |
| 650 | 0 | 4 | _aMAINTENANCE |
| 650 | 0 | 4 | _aHOME |
| 942 |
_2ddc _cBK |
||
| 999 |
_c16767 _d16767 |
||